Statistics for Movies within Movies

Click here to take the quiz!

General Stats

  • This quiz has been taken 8 times
  • The average score is 4 of 14

Answer Stats

Real MovieFake Movie% Correct
The Big LebowskiLogjammin'
50%
Inglorious BasterdsNation's Pride
50%
Scream 2Stab
50%
BowfingerChubby Rain
38%
Home Alone 2Angels with Even Filthier Souls
25%
Home AloneAngels With Filthy Souls
25%
DogmaGood Will Hunting 2: Hunting Season
25%
Singin' in the RainThe Dancing Cavalier
25%
Kentucky Fried MovieA Fistful of Yen
13%
Boogie NightsAngels Live In My Town
13%
UHFConan the Librarian
13%
The PlayerHabeas Corpus
13%
MatineeMant!
13%
Tropic ThunderSimple Jack
13%

Score Distribution

Percentile by Number Answered

Percent of People with Each Score

Your Score History

You have not taken this quiz